Para una nueva crítica de la economía política: sobre la miseria simbólica y el complejo económico-político del consumo

محفوظ في:
التفاصيل البيبلوغرافية
المؤلف الرئيسي: Stiegler, Bernard (مؤلف)
التنسيق: كتاب
اللغة:الإسبانية
منشور في: Buenos Aires Capital Intelectual 2016
الطبعة:1a. ed
سلاسل:Serie Políticas de la Economía
الموضوعات:
الوسوم: إضافة وسم
لا توجد وسوم, كن أول من يضع وسما على هذه التسجيلة!

MARC

LEADER 00000cam a2200000 a 4500
001 UCD3436
003 CL-VaPUC
008 160603e20160000ag |||||||||||||||||spa|d
020 |a 9789876145060 
082 0 4 |a 330.9  |b STI  |2 21 
100 0 |a Stiegler, Bernard  |e author  |9 586913 
245 1 0 |a Para una nueva crítica de la economía política: sobre la miseria simbólica y el complejo económico-político del consumo 
250 |a 1a. ed 
300 |a 94 p 
942 |c BK 
945 |d 20160603 11:43:00  |a arojas 
260 |a Buenos Aires  |b Capital Intelectual  |c 2016 
650 0 |a Economía política  |9 255814 
650 0 |a Consumo  |9 333893 
650 0 |a Capitalismo  |9 255255 
583 |a last modification  |c 20160603 11:43:00  |k Rodrigo Vera 
490 0 |a Serie Políticas de la Economía 
999 |c 364472  |d 364470 
952 |0 0  |1 0  |3 erb  |4 0  |6 330_900000000000000_STI_2016  |7 0  |8 A  |9 477668  |a BIBART  |b BIBART  |i 5290805  |o 330.9 STI 2016  |p 5290805  |r 2025-03-13  |w 2019-11-24  |y BK  |z Catalogado en:20160603  |k ART 
952 |0 0  |1 0  |3 erb  |4 0  |6 330_900000000000000_STI_2016  |7 0  |8 A  |9 477669  |a FDOPOS  |b FDOPOS  |i 5352290  |o 330.9 STI 2016  |p 5352290  |r 2025-01-22  |w 2019-11-24  |y BK  |z Catalogado en:20161124  |k MLH 
952 |0 0  |1 0  |3 erb  |4 0  |6 330_900000000000000_STI_2016  |7 0  |8 A  |9 477670  |a FDOPOS  |b FDOPOS  |i 5357683  |o 330.9 STI 2016  |p 5357683  |r 2025-01-22  |w 2019-11-24  |y BK  |z Catalogado en:20161230  |k MLH